[Event "Høstturnering"]
[Site "Ås"]
[Date "1994.10.25"]
[Round "3"]
[White "Brennvall, Jon Eirik"]
[Black "Tømte, Aksel"]
[Result "1-0"]
[WhiteElo "1594"]
[BlackElo "1491"]
[PlyCount "79"]
[EventDate "1994.??.??"]

1. e4 e5 2. g3 Nf6 3. Bg2 Bc5 4. c3 Nc6 5. Ne2 d5 6. exd5 Nxd5 7. d4 exd4 8.
cxd4 Bb6 9. Nbc3 Be6 10. O-O O-O 11. Na4 Qf6 12. Nxb6 axb6 13. Nc3 Nxc3 14.
bxc3 Rxa2 15. Rxa2 Bxa2 16. Bf4 Bc4 17. Re1 Qd8 18. Qh5 Re8 19. Be4 g6 20. Qd1
Qd7 21. Re3 h5 22. h4 Na5 23. Bh6 Nb3 24. Qf3 Qd6 25. Bxb7 Rxe3 26. Qxe3 Qe6
27. Qxe6 Bxe6 28. d5 Bg4 29. Bf4 Nc5 30. Bc6 Ne4 31. Bxc7 Nxc3 32. d6 b5 33. d7
Bxd7 34. Bxd7 b4 35. Ba5 Ne2+ 36. Kf1 b3 37. Ba4 b2 38. Bc2 Nd4 39. Bb1 f5 40.
Bc3 1-0

[Event "Høstturnering"]
[Site "Ås"]
[Date "1994.10.18"]
[Round "4"]
[White "Lea, Per"]
[Black "Brenden, Odd"]
[Result "1-0"]
[WhiteElo "1580"]
[BlackElo "1298"]
[PlyCount "49"]
[EventDate "1994.??.??"]

1. e4 c5 2. Nf3 Nc6 3. d4 cxd4 4. Nxd4 e5 5. Nb5 a6 6. Nd6+ Bxd6 7. Qxd6 Qf6 8.
Qd1 Nge7 9. Be3 d6 10. Nc3 O-O 11. Qd2 h6 12. O-O-O Rd8 13. Be2 b5 14. g4 d5
15. g5 hxg5 16. Bxg5 Qxf2 17. Nxd5 Kf8 18. Rhf1 Qd4 19. Bxe7+ Nxe7 20. Qg5 Qa7
21. Nxe7 Rxd1+ 22. Rxd1 f6 23. Ng6+ Ke8 24. Qh4 Qe3+ 25. Kb1 1-0

[Event "Høstturnering"]
[Site "Ås"]
[Date "1994.11.01"]
[Round "5"]
[White "Furnes, Harald"]
[Black "Ådnøy, Hallvard Voll"]
[Result "1/2-1/2"]
[WhiteElo "1584"]
[BlackElo "1499"]
[PlyCount "77"]
[EventDate "1994.??.??"]

1. d4 Nf6 2. c4 g6 3. Nc3 Bg7 4. e4 d6 5. f3 O-O 6. Be3 Nc6 7. Bd3 e5 8. d5 Nd4
9. Bxd4 exd4 10. Nb5 Re8 11. Ne2 Nh5 12. Qd2 f5 13. O-O c6 14. Nbxd4 Qb6 15.
Bc2 Nf6 16. Kh1 fxe4 17. fxe4 c5 18. Nb5 Bd7 19. Nbc3 Qb4 20. Bd3 a6 21. Rab1
b5 22. a3 Qa5 23. Qf4 Qb6 24. h3 Rf8 25. Qd2 Rae8 26. Qc2 b4 27. Nd1 b3 28. Qd2
Nxe4 29. Rxf8+ Bxf8 30. Qf4 Bf5 31. g4 Nf2+ 32. Nxf2 Bxd3 33. Nxd3 Rxe2 34. Rf1
Bg7 35. Qf7+ Kh8 36. Nf4 Re3 37. Ne6 Rxe6 38. dxe6 Qc6+ 39. Rf3 1/2-1/2

[Event "Høstturnering"]
[Site "Ås"]
[Date "1994.11.01"]
[Round "5"]
[White "Brennvall, Jon-Eirik"]
[Black "Lea, Per"]
[Result "0-1"]
[WhiteElo "1594"]
[BlackElo "1580"]
[PlyCount "42"]
[EventDate "1994.??.??"]

1. e4 e5 2. Nf3 Nc6 3. c3 d5 4. exd5 Qxd5 5. c4 Qa5 6. Nc3 Bg4 7. Be2 O-O-O 8.
a3 Nf6 9. h3 Bh5 10. Rb1 Nd4 11. b4 Nxf3+ 12. gxf3 Qa6 13. c5 Qc6 14. d3 Nd5
15. Ne4 f5 16. Ng3 Nc3 17. Qb3 Nxe2 18. Nxh5 Qxf3 19. Qe6+ Kb8 20. Rf1 Nc3 21.
Rb2 Qd1# 0-1

[Event "Høstturnering"]
[Site "Ås"]
[Date "1994.11.08"]
[Round "6"]
[White "Ådnøy, Hallvard Voll"]
[Black "Wierba, Yehuda"]
[Result "1-0"]
[WhiteElo "1499"]
[BlackElo "1214"]
[PlyCount "72"]
[EventDate "1994.??.??"]

1. e4 c5 2. Nf3 Nc6 3. Bb5 d6 4. O-O a6 5. Bxc6+ bxc6 6. c3 Nf6 7. Re1 e5 8. d4
Bg4 9. dxe5 Bxf3 10. Qxf3 dxe5 11. Bg5 Be7 12. Na3 O-O 13. Nc4 Qc7 14. Qf5 h6
15. Bh4 Rab8 16. b3 Rbe8 17. Qxe5 Qxe5 18. Nxe5 g5 19. Bg3 Bd6 20. Nd7 Bxg3 21.
Nxf6+ Kh8 22. Nxe8 Be5 23. Rac1 Rxe8 24. g3 Kg7 25. f3 f6 26. Red1 Re6 27. Rd7+
Kg6 28. Ra7 Rd6 29. Rxa6 Rd3 30. Rxc6 Bxc3 31. Kg2 Bd4 32. Rc2 Rd1 33. a4 h5
34. Kh3 Rb1 35. a5 Rxb3 36. Ra2 Rxf3 1-0

[Event "Høstturnering"]
[Site "Ås"]
[Date "1994.11.08"]
[Round "6"]
[White "Weberg, Øyvind"]
[Black "Brennvall, Jon Eirik"]
[Result "1-0"]
[WhiteElo "1662"]
[BlackElo "1594"]
[PlyCount "195"]
[EventDate "1994.??.??"]

1. c4 e5 2. Nc3 g6 3. g3 Bg7 4. Bg2 Ne7 5. Nf3 Nbc6 6. O-O d6 7. d3 Be6 8. Ng5
Bg4 9. Bd2 Rb8 10. h3 Bd7 11. a3 Qc8 12. Kh2 Nd4 13. e3 Ne6 14. Nce4 h6 15. Nf3
Ng5 16. Ng1 Ng8 17. Bc3 Nf6 18. Nxf6+ Bxf6 19. f4 Nh7 20. fxe5 Bxe5 21. Bxe5
dxe5 22. d4 exd4 23. exd4 O-O 24. Qd2 h5 25. Rae1 c6 26. d5 b5 27. dxc6 Bxc6
28. Bxc6 Qxc6 29. cxb5 Qxb5 30. b4 Rbd8 31. Qe2 Qa4 32. Rf3 Ng5 33. Re3 Rc8 34.
Qf2 Rc2 35. R1e2 Rxe2 36. Nxe2 Rc8 37. h4 Ne6 38. Qf6 Qa6 39. Nd4 Re8 40. Nxe6
Rxe6 41. Rxe6 Qxe6 42. Qxe6 fxe6 43. a4 Kf8 44. b5 Ke7 45. g4 Kd6 46. Kg3 e5
47. g5 Kc5 48. Kf3 Kd4 49. Ke2 Kc4 50. Ke3 Kb4 51. Ke4 Kxa4 52. Kxe5 Kxb5 53.
Kf6 a5 54. Kxg6 a4 55. Kxh5 a3 56. g6 a2 57. g7 a1=Q 58. g8=Q Qe1 59. Qg5+ Ka4
60. Kh6 Qe6+ 61. Kh5 Ka3 62. Qf4 Qd7 63. Kg5 Qg7+ 64. Kf5 Qd7+ 65. Ke4 Qc6+ 66.
Ke3 Qc1+ 67. Kf3 Qc6+ 68. Kg3 Qg6+ 69. Qg4 Qd6+ 70. Kh3 Ka2 71. h5 Qd3+ 72. Kg2
Qd5+ 73. Qf3 Qg5+ 74. Kh3 Qh6 75. Qg2+ Ka1 76. Qg6 Qe3+ 77. Kg4 Qe2+ 78. Kf5
Qd3+ 79. Kf6 Qd4+ 80. Kf7 Qd7+ 81. Kg8 Qc8+ 82. Kh7 Kb2 83. h6 Kc1 84. Qg7 Qe8
85. Qf6 Qe4+ 86. Kg7 Qg4+ 87. Kf7 Qd7+ 88. Kg6 Qd3+ 89. Qf5 Qd6+ 90. Qf6 Qd3+
91. Kf7 Qh7+ 92. Kf8 Kd1 93. Ke8 Kc1 94. Kd8 Qd3+ 95. Kc7 Qh7+ 96. Qg7 Qc2+ 97.
Kb8 Qb3+ 98. Qb7 1-0

[Event "Høstturnering"]
[Site "Ås"]
[Date "1994.11.29"]
[Round "8"]
[White "Lea, Per"]
[Black "Tømte, Aksel"]
[Result "1/2-1/2"]
[WhiteElo "1580"]
[BlackElo "1491"]
[PlyCount "27"]
[EventDate "1994.??.??"]

1. e4 e5 2. Nf3 Nc6 3. Bb5 a6 4. Ba4 d6 5. d4 b5 6. Bb3 Nxd4 7. Nxd4 exd4 8. c3
dxc3 9. Nxc3 Be7 10. Qd5 Be6 11. Qc6+ Bd7 12. Qd5 Be6 13. Qc6+ Bd7 14. Qd5
1/2-1/2

[Event "Høstturnering"]
[Site "Ås"]
[Date "1994.12.06"]
[Round "8"]
[White "Brennvall, Jon Eirik"]
[Black "Roseth, Kjell"]
[Result "1-0"]
[WhiteElo "1594"]
[BlackElo "1118"]
[PlyCount "57"]
[EventDate "1994.??.??"]

1. e4 e5 2. Nf3 Nc6 3. Nc3 Nf6 4. Bc4 Bc5 5. d3 d6 6. Na4 Na5 7. Nxc5 Nxc4 8.
dxc4 dxc5 9. Qxd8+ Kxd8 10. Nxe5 Ke7 11. f3 Ke6 12. Nd3 b6 13. Bf4 c6 14. O-O-O
Nd7 15. Nf2 Ba6 16. b3 b5 17. Rd6+ Ke7 18. Rxc6 Bb7 19. Rc7 Ba6 20. Rd1 Rhd8
21. cxb5 Bxb5 22. c4 Ba6 23. Bd6+ Ke8 24. Bxc5 Nxc5 25. Rxd8+ Rxd8 26. Rxc5 Bc8
27. Rc7 a6 28. Kc2 Kf8 29. a4 1-0

[Event "Høstturnering"]
[Site "Ås"]
[Date "1994.12.13"]
[Round "9"]
[White "Weberg, Øyvind"]
[Black "Lea, Per"]
[Result "0-1"]
[WhiteElo "1662"]
[BlackElo "1580"]
[PlyCount "110"]
[EventDate "1994.??.??"]

1. e4 e5 2. Nf3 Nc6 3. Bb5 a6 4. Ba4 Nf6 5. O-O Nxe4 6. d4 b5 7. Bb3 d5 8. dxe5
Be6 9. c3 Bc5 10. Nbd2 Nxf2 11. Rxf2 Bxf2+ 12. Kxf2 f6 13. Qe2 O-O 14. Kg1 fxe5
15. Nxe5 Qd6 16. Ndf3 Rae8 17. Nxc6 Qxc6 18. Be3 Qd7 19. Ne5 Qd6 20. Nd3 d4 21.
Bf4 Qb6 22. Bxc7 Qc6 23. Bxe6+ Rxe6 24. Be5 dxc3 25. bxc3 Qxc3 26. Rc1 Rxe5 27.
Qxe5 Qxd3 28. Qe6+ Kh8 29. Re1 b4 30. Qe7 Qd4+ 31. Qe3 Qb2 32. Qe2 Qxe2 33.
Rxe2 Kg8 34. Re7 Rc8 35. Re2 a5 36. Kf2 a4 37. Rb2 Rb8 38. Ke1 Kf7 39. Kd2 Ke6
40. Kd3 b3 41. Kc3 Kd5 42. Rd2+ Kc5 43. Kb2 Rb7 44. axb3 Rxb3+ 45. Ka2 Re3 46.
g4 Re4 47. h3 Kc6 48. Rd3 g5 49. Rf3 Rf4 50. Rd3 h6 51. Ka3 Kc5 52. Rg3 Kd5 53.
h4 gxh4 54. Rg1 Ke6 55. g5 h5 0-1

[Event "Stikkamp Høstturnering"]
[Site "Ås"]
[Date "1995.01.03"]
[Round "3"]
[White "Lea, Per"]
[Black "Furnes, Harald"]
[Result "1/2-1/2"]
[WhiteElo "1601"]
[BlackElo "1613"]
[PlyCount "72"]
[EventDate "1995.??.??"]

1. e4 c5 2. Nf3 Nc6 3. d4 cxd4 4. Nxd4 Nf6 5. Nc3 d6 6. Bg5 e6 7. f4 Be7 8. Qd2
a6 9. O-O-O Qc7 10. Bc4 h6 11. Bh4 b5 12. Bxb5 axb5 13. Ndxb5 Qd7 14. Nxd6+
Qxd6 15. Qxd6 Bxd6 16. Rxd6 Ne7 17. Rhd1 O-O 18. Bxf6 gxf6 19. a3 Ng6 20. g3
Kg7 21. Ne2 Bb7 22. f5 exf5 23. exf5 Ne5 24. Nf4 Bf3 25. R1d4 Bg4 26. h3 Bxf5
27. Nh5+ Kh8 28. Rxf6 Bg6 29. Rh4 Kg8 30. Nf4 Kg7 31. Rd6 Rfc8 32. Nxg6 fxg6
33. Re4 Nf7 34. Rb6 Re8 35. Rbe6 Rxe6 36. Rxe6 Ng5 1/2-1/2

[Event "Klubbmesterskap"]
[Site "Ås"]
[Date "1995.02.07"]
[Round "1"]
[White "Lea, Per"]
[Black "Olsen, Runar Mogan"]
[Result "1-0"]
[WhiteElo "1601"]
[BlackElo "1262"]
[PlyCount "49"]
[EventDate "1995.??.??"]

1. e4 e5 2. Nf3 Nc6 3. Bc4 Be7 4. d4 d6 5. O-O Nf6 6. Re1 O-O 7. c3 a6 8. a4 b6
9. Nbd2 Bb7 10. Nf1 Na5 11. Bd3 Nd7 12. Ng3 c5 13. d5 Bc8 14. b4 Nb7 15. Nf5
Nf6 16. Nxe7+ Qxe7 17. Bg5 h6 18. Bh4 g5 19. Bg3 Nh5 20. Nxe5 Nxg3 21. Nc6 Qf6
22. hxg3 Qxc3 23. e5 cxb4 24. Re3 dxe5 25. Bh7+ 1-0

[Event "Klubbmesterskap"]
[Site "Ås"]
[Date "1995.04.02"]
[Round "2"]
[White "Furnes, Harald"]
[Black "Lea, Per"]
[Result "1/2-1/2"]
[WhiteElo "1613"]
[BlackElo "1601"]
[PlyCount "45"]
[EventDate "1995.??.??"]

1. d4 d5 2. c4 dxc4 3. Nc3 e5 4. d5 f5 5. e4 Nf6 6. Bg5 h6 7. Bxf6 Qxf6 8. Nf3
Bd6 9. Bxc4 O-O 10. Qc2 Nd7 11. Nd2 Nb6 12. Bd3 a6 13. a3 f4 14. b4 Bd7 15. Be2
Rfc8 16. Nb3 c6 17. Nc5 cxd5 18. Nxd7 Nxd7 19. Qb3 Kh8 20. Nxd5 Qe6 21. Qd1 Rc6
22. O-O Nf6 23. Nxf6 1/2-1/2

[Event "Klubbmesterskap"]
[Site "Ås"]
[Date "1995.03.07"]
[Round "3"]
[White "Lea, Per"]
[Black "Tømte, Aksel"]
[Result "1/2-1/2"]
[WhiteElo "1601"]
[BlackElo "1564"]
[PlyCount "71"]
[EventDate "1995.??.??"]

1. e4 e5 2. Nf3 Nc6 3. Bb5 a6 4. Ba4 d6 5. c3 Bd7 6. d4 g6 7. O-O Bg7 8. Be3
Nge7 9. Re1 O-O 10. Nbd2 Qe8 11. Bb3 Kh8 12. Nf1 f5 13. exf5 Nxf5 14. Bc1 Qd8
15. dxe5 Nxe5 16. Nxe5 Bxe5 17. f4 Bg7 18. Ne3 Qh4 19. Nxf5 Rxf5 20. g3 Qd8 21.
Be3 Bc6 22. Bd4 Qf8 23. Bxg7+ Qxg7 24. Qd2 Rd8 25. Re3 Rff8 26. Rae1 Rfe8 27.
Qe2 Qf8 28. Qd3 Qg7 29. Bd5 Rxe3 30. Rxe3 Bxd5 31. Qxd5 b6 32. Re4 h6 33. Qb7
a5 34. Rc4 Rd7 35. Re4 Re7 36. Kf2 1/2-1/2

[Event "Klubbmesterskap"]
[Site "Ås"]
[Date "1995.04.04"]
[Round "4"]
[White "Lea, Per"]
[Black "Furnes, Torstein"]
[Result "1-0"]
[WhiteElo "1601"]
[BlackElo "1499"]
[PlyCount "77"]
[EventDate "1995.??.??"]

1. e4 c5 2. Nf3 Nc6 3. d4 cxd4 4. Nxd4 e5 5. Nb5 d6 6. c4 Nf6 7. N1c3 a6 8. Na3
Be7 9. Bg5 O-O 10. Nc2 Ne8 11. Be3 f5 12. Nd5 fxe4 13. Bb6 Qd7 14. Nce3 Bh4 15.
g3 Qf7 16. Qd2 Bg5 17. Bg2 Nd4 18. Bxe4 Nf3+ 19. Bxf3 Qxf3 20. O-O Bh3 21. Rfe1
Nf6 22. Nxf6+ Qxf6 23. Rad1 Rf7 24. Qe2 Raf8 25. Nd5 Qe6 26. Qd3 Rf3 27. Qe4
Qf7 28. Re2 Qh5 29. Ne3 Kh8 30. Rxd6 Bxe3 31. Bxe3 Bf5 32. Qxe5 Rxg3+ 33. hxg3
Qxe2 34. Qxf5 Qe1+ 35. Kg2 Re8 36. Qf7 Rg8 37. Qxb7 Qb1 38. Bd4 Qf5 39. Qxg7+
1-0

[Event "Klubbmesterskap"]
[Site "Ås"]
[Date "1995.03.28"]
[Round "5"]
[White "Ådnøy, Hallvard Voll"]
[Black "Lea, Per"]
[Result "1/2-1/2"]
[WhiteElo "1615"]
[BlackElo "1601"]
[PlyCount "56"]
[EventDate "1995.??.??"]

1. d4 d5 2. Nf3 Nf6 3. c4 dxc4 4. e3 c5 5. Bxc4 cxd4 6. exd4 e6 7. O-O Be7 8.
Nc3 O-O 9. Qe2 a6 10. Bf4 b5 11. Bb3 Nc6 12. Rad1 Nd5 13. Bg3 Bb7 14. Ne4 Na5
15. Bc2 Rc8 16. Bb1 Qb6 17. Ne5 Rcd8 18. h4 Nc6 19. Nf3 Nf6 20. Neg5 Nxd4 21.
Nxd4 Rxd4 22. Rxd4 Qxd4 23. Rd1 Qb6 24. Be5 Qc6 25. f4 h6 26. Bxf6 Bxf6 27. Nh7
Qb6+ 28. Kh2 Bxh4 1/2-1/2

[Event "Klubbmesterskap"]
[Site "Ås"]
[Date "1995.03.21"]
[Round "7"]
[White "Brennvall, Jon-Eirik"]
[Black "Lea, Per"]
[Result "0-1"]
[WhiteElo "1568"]
[BlackElo "1601"]
[PlyCount "86"]
[EventDate "1995.??.??"]

1. e4 e5 2. c3 d5 3. exd5 Qxd5 4. d4 exd4 5. Qxd4 Qxd4 6. cxd4 Nc6 7. Nf3 Bb4+
8. Nc3 Nf6 9. Bd2 O-O 10. O-O-O Bg4 11. h3 Bxf3 12. gxf3 Nxd4 13. Bf4 Ne6 14.
Bh2 c6 15. Ne4 Nd5 16. Nd6 b6 17. Ba6 Rad8 18. Nf5 Ndf4 19. Kb1 Nxh3 20. Be5
Nxf2 21. Rxd8 Rxd8 22. Rg1 Rd1+ 23. Rxd1 Nxd1 24. Bb8 g6 25. Ng3 Nc5 26. Be2
Ne3 27. Bxa7 Nd7 28. Ba6 Bd6 29. Ne4 Bb8 30. Nf6+ Kg7 31. Nxd7 Bxa7 32. Ne5 h5
33. Nxc6 h4 34. Nxa7 h3 35. Bb7 f5 36. f4 Ng2 37. a4 Nxf4 38. Nc8 g5 39. Nxb6
g4 40. Nd5 Nxd5 41. Bxd5 g3 42. a5 g2 43. a6 g1=Q+ 0-1

[Event "Klubbmesterskap"]
[Site "Ås"]
[Date "1995.04.18"]
[Round "8"]
[White "Lea, Per"]
[Black "Weberg, Øyvind"]
[Result "1-0"]
[WhiteElo "1601"]
[BlackElo "1622"]
[PlyCount "115"]
[EventDate "1995.??.??"]

1. e4 e5 2. Nf3 Nc6 3. Bc4 Bc5 4. c3 Qe7 5. O-O d6 6. d4 Bb6 7. Re1 Nf6 8. Bg5
Bg4 9. d5 Nd8 10. Nbd2 h6 11. Bh4 g5 12. Bg3 Nh5 13. Nf1 Qf6 14. Be2 Nf4 15.
Bxf4 gxf4 16. N3d2 Bd7 17. Nc4 Qg6 18. Nxb6 axb6 19. Bf3 h5 20. Kh1 Ke7 21. Qd3
f6 22. Nd2 Nf7 23. a3 Ng5 24. Rg1 Raf8 25. Rae1 h4 26. h3 Kd8 27. Bd1 f5 28. f3
fxe4 29. fxe4 Rf7 30. Nf3 Rg7 31. c4 Rh6 32. b4 Qf6 33. Ref1 Nf7 34. Nh2 Rg3
35. Rf3 Rhg6 36. Rxg3 Rxg3 37. Nf3 Qg7 38. Qf1 Ng5 39. Nxg5 Qxg5 40. Bf3 Kc8
41. Kh2 Be8 42. Qe2 Kb8 43. Rc1 Bd7 44. Qf1 Qd8 45. Qf2 c5 46. dxc6 Bxc6 47.
Rd1 Qc7 48. c5 bxc5 49. bxc5 dxc5 50. Qxc5 Bd7 51. Qf8+ Bc8 52. Bg4 Qc2 53.
Qd6+ Ka8 54. Rd2 Qc3 55. Bxc8 Qxc8 56. Rd5 b6 57. Qxb6 Rxa3 58. Rd8 {Tid} 1-0

[Event "Høstturnering"]
[Site "Ås"]
[Date "1995.09.19"]
[Round "1"]
[White "Lea, Per"]
[Black "Roseth, Kjell"]
[Result "1-0"]
[WhiteElo "1656"]
[BlackElo "1176"]
[PlyCount "49"]
[EventDate "1995.??.??"]

1. e4 e5 2. Nf3 Nc6 3. Bc4 Bc5 4. c3 Nf6 5. d4 exd4 6. cxd4 Bb4+ 7. Nc3 Nxe4 8.
O-O Nxc3 9. bxc3 Be7 10. Qb3 O-O 11. Ne5 Nxe5 12. dxe5 c6 13. Bf4 b5 14. Be2 a5
15. Rad1 a4 16. Qc2 Re8 17. Qe4 d5 18. exd6 Bxd6 19. Rxd6 Bd7 20. Qd3 Ra7 21.
Rd1 Re7 22. Bg4 Qe8 23. Bxd7 Re1+ 24. Rxe1 Qxe1+ 25. Qf1 1-0

[Event "Høstturnering"]
[Site "Ås"]
[Date "1995.09.26"]
[Round "2"]
[White "Rangøy, Helge"]
[Black "Lea, Per"]
[Result "1/2-1/2"]
[WhiteElo "1645"]
[BlackElo "1656"]
[PlyCount "155"]
[EventDate "1995.??.??"]

1. e4 e5 2. Nf3 Nc6 3. Bc4 Nf6 4. Nc3 Bc5 5. O-O d6 6. h3 Be6 7. Bxe6 fxe6 8.
d3 O-O 9. Na4 Bb6 10. Nxb6 axb6 11. Bg5 Qe8 12. c3 Qh5 13. Qb3 Rae8 14. Bxf6
Rxf6 15. Nh2 Rg6 16. Kh1 Rf8 17. f3 Qg5 18. Rf2 Qg3 19. Raf1 h5 20. Qc2 Ne7 21.
Qd2 Rf4 22. Rg1 Rh4 23. Qe1 Rg5 24. Re2 Ng6 25. Qxg3 Rxg3 26. Nf1 Rg5 27. Rd2
Rf4 28. Kh2 Nh4 29. Rf2 Rf8 30. Nd2 Ng6 31. g3 h4 32. gxh4 Rxg1 33. Kxg1 Nf4
34. Rh2 Nxd3 35. b3 Rf4 36. Kg2 Rxh4 37. Kg3 g5 38. Nf1 Kg7 39. Ne3 Kg6 40. c4
Nf4 41. Ng2 Rh8 42. Nxf4+ exf4+ 43. Kf2 Kf6 44. Ke2 Ke5 45. Kd3 d5 46. exd5
exd5 47. cxd5 Kxd5 48. Kc3 Re8 49. Rd2+ Kc6 50. Rf2 Re1 51. Kd4 Rh1 52. Ke4
Rxh3 53. Rd2 Rg3 54. Rd4 b5 55. b4 b6 56. a3 g4 57. fxg4 Rxg4 58. Rd1 Rg3 59.
Rc1+ Kd6 60. Rd1+ Ke7 61. Rc1 Rxa3 62. Rxc7+ Kd6 63. Rf7 Rb3 64. Rf6+ Ke7 65.
Rxb6 Rxb4+ 66. Kf3 Kd7 67. Rf6 Rc4 68. Ke2 Ke7 69. Rf5 b4 70. Kd3 Rc3+ 71. Kd2
f3 72. Rf4 Rb3 73. Kc2 Ra3 74. Rxb4 Ke6 75. Kd2 Ke5 76. Ke1 Re3+ 77. Kf2 Re4
78. Rb3 1/2-1/2

[Event "Høstturnering"]
[Site "Ås"]
[Date "1995.10.10"]
[Round "3"]
[White "Lea, Per"]
[Black "Hanssen, Jon Fr"]
[Result "1-0"]
[WhiteElo "1656"]
[BlackElo "1032"]
[PlyCount "35"]
[EventDate "1995.??.??"]

1. e4 e5 2. Nf3 Nc6 3. Bc4 Nf6 4. Ng5 d5 5. exd5 Nxd5 6. Nxf7 Kxf7 7. Qf3+ Ke6
8. Nc3 Ncb4 9. Qe4 c6 10. d4 Qd6 11. f4 Nxc2+ 12. Qxc2 exf4 13. O-O g5 14. Ne4
Qd8 15. Nxg5+ Qxg5 16. Bxf4 Qg6 17. Bxd5+ cxd5 18. Rae1+ 1-0

[Event "Høstturnering"]
[Site "Ås"]
[Date "1995.10.17"]
[Round "4"]
[White "Moberg, Jan Rune"]
[Black "Lea, Per"]
[Result "0-1"]
[WhiteElo "1292"]
[BlackElo "1656"]
[PlyCount "43"]
[EventDate "1995.??.??"]

1. d4 d5 2. c4 dxc4 3. e4 e5 4. d5 Nf6 5. Qc2 c6 6. dxc6 Nxc6 7. Bxc4 Nd4 8.
Qd3 Bb4+ 9. Bd2 Qa5 10. a3 Bxd2+ 11. Qxd2 Nc2+ 12. Kf1 Qxd2 13. Nxd2 Nxa1 14.
Ngf3 Nc2 15. Nxe5 O-O 16. f3 Ne3+ 17. Ke2 Nxc4 18. Ndxc4 Re8 19. Nd3 b6 20. e5
Ba6 21. b3 Bxc4 22. bxc4 0-1

[Event "Høstturnering"]
[Site "Ås"]
[Date "1995.10.31"]
[Round "5"]
[White "Lea, Per"]
[Black "Ådnøy, Hallvard Voll"]
[Result "0-1"]
[WhiteElo "1656"]
[BlackElo "1643"]
[PlyCount "92"]
[EventDate "1995.??.??"]

1. e4 a6 2. d4 b5 3. Bd3 Bb7 4. Bf4 e6 5. Nf3 Nf6 6. Nbd2 d6 7. O-O Be7 8. h3
Nbd7 9. Qe2 c5 10. c3 O-O 11. Rfe1 Re8 12. Rad1 Qc7 13. b3 e5 14. Bh2 Bf8 15.
d5 Nb6 16. c4 b4 17. Nf1 a5 18. Ra1 a4 19. Qb2 g6 20. Ne3 Bg7 21. Qc2 Bc8 22.
a3 bxa3 23. Rxa3 Bd7 24. bxa4 Bxa4 25. Qa2 Nh5 26. Rb1 Bd7 27. Qb3 Rxa3 28.
Qxa3 Ra8 29. Qb3 Ra6 30. Nc2 Qa7 31. Qb2 f5 32. Ra1 fxe4 33. Bxe4 Rxa1+ 34.
Qxa1 Qxa1+ 35. Nxa1 Nxc4 36. Nb3 Nf6 37. Nfd2 Nb6 38. f4 c4 39. fxe5 Nxe4 40.
Nxe4 cxb3 41. e6 Be8 42. Bxd6 b2 43. Nd2 Nc4 44. Ba3 Nxd2 45. Bxb2 Bxb2 46. d6
Be5 0-1

[Event "Høstturneringen 1995"]
[Site "Ås, Akershus NOR"]
[Date "1995.10.17"]
[Round "5"]
[White "Rangøy, Helge"]
[Black "Brennvall, Jon Eirik"]
[Result "1-0"]
[WhiteElo "1645"]
[BlackElo "1560"]
[Annotator "Lea,Per"]
[PlyCount "27"]

1. e4 e5 2. Nf3 Nc6 3. d4 exd4 4. Bc4 Be7 5. c3 d6 6. cxd4 Bg4 7. Qb3 Bxf3 8.
Bxf7+ Kf8 9. Bxg8 Rxg8 10. Qxf3+ Bf6 11. Qd1 Ke7 12. Qd3 Re8 13. Nc3 Kf8 14.
O-O {Mangelfullt} 1-0

[Event "Høstturnering"]
[Site "Ås"]
[Date "1995.11.07"]
[Round "6"]
[White "Weberg, Øyvind"]
[Black "Lea, Per"]
[Result "1-0"]
[WhiteElo "1624"]
[BlackElo "1656"]
[PlyCount "81"]
[EventDate "1995.??.??"]

1. e4 e5 2. Nf3 Nc6 3. Bb5 a6 4. Ba4 Nf6 5. O-O Nxe4 6. d4 b5 7. Bb3 d5 8. dxe5
Be6 9. c3 Bc5 10. a4 b4 11. cxb4 Nxb4 12. Nd4 O-O 13. Nc3 Bxd4 14. Qxd4 c5 15.
Qd1 Nxc3 16. bxc3 Nc6 17. f4 Qb6 18. Bc2 f5 19. Rb1 Qa5 20. Bd2 c4 21. Qe2 Rab8
22. Qe3 Rxb1 23. Rxb1 Rb8 24. Rxb8+ Nxb8 25. g4 g6 26. gxf5 gxf5 27. Qg3+ Kh8
28. Qg5 Qc5+ 29. Kg2 Qf8 30. Kf3 Nd7 31. Be3 a5 32. Bd4 Qg8 33. h4 Qg7 34. Ke3
h6 35. Qxg7+ Kxg7 36. Ba7 Kg6 37. Bd1 Kf7 38. Kd4 Ke7 39. Bf3 Nf8 40. h5 Kd7
41. Bc5 1-0

[Event "Høstturnering"]
[Site "Ås"]
[Date "1995.11.21"]
[Round "7"]
[White "Lea, Per"]
[Black "Brennvall, Jon-Eirik"]
[Result "1-0"]
[WhiteElo "1656"]
[BlackElo "1560"]
[PlyCount "59"]
[EventDate "1995.??.??"]

1. e4 e5 2. Nf3 d6 3. d4 exd4 4. Qxd4 Nc6 5. Bb5 Bd7 6. Bxc6 Bxc6 7. Nc3 Qf6 8.
Bg5 Qg6 9. h4 h6 10. h5 Qh7 11. Bh4 Nf6 12. O-O-O Nxh5 13. Rhe1 g5 14. e5 O-O-O
15. Qxa7 b6 16. Bg3 Nxg3 17. fxg3 d5 18. Qa6+ Bb7 19. Qb5 Bc5 20. Nd4 Qg6 21.
e6 Bxd4 22. e7 Rde8 23. Rxd4 Qf6 24. Red1 Qxe7 25. Nxd5 Bxd5 26. Qxd5 Kb8 27.
Ra4 c6 28. Qxc6 Qb7 29. Qd6+ Kc8 30. Rc4+ 1-0

[Event "Høstturnering"]
[Site "Ås"]
[Date "1995.11.28"]
[Round "8"]
[White "Nord, Knut"]
[Black "Lea, Per"]
[Result "0-1"]
[WhiteElo "1334"]
[BlackElo "1656"]
[PlyCount "32"]
[EventDate "1995.??.??"]

1. e4 e5 2. Nf3 Nc6 3. Bc4 Nf6 4. O-O Bc5 5. d3 d6 6. Bg5 h6 7. Bh4 g5 8. Bg3
Bg4 9. Nbd2 Qd7 10. Bb5 O-O-O 11. Qe1 Rdg8 12. Bxc6 Qxc6 13. h4 Nh5 14. Bh2
Bxf3 15. Nxf3 g4 16. Nd2 g3 0-1

[Event "Høstturnering"]
[Site "Ås"]
[Date "1995.12.12"]
[Round "9"]
[White "Lea, Per"]
[Black "Thorvaldsen, Per"]
[Result "1-0"]
[WhiteElo "1656"]
[BlackElo "924"]
[PlyCount "47"]
[EventDate "1995.??.??"]

1. e4 c5 2. Nf3 d6 3. d4 cxd4 4. Nxd4 Nf6 5. Nc3 a6 6. Bg5 e6 7. f4 Be7 8. Qf3
Nc6 9. O-O-O Qc7 10. g4 e5 11. Bxf6 Nxd4 12. Rxd4 Be6 13. fxe5 dxe5 14. Bxg7
Rg8 15. Nd5 Bxd5 16. Rxd5 Rxg7 17. Qf5 f6 18. Be2 Rc8 19. c3 b5 20. g5 Rd8 21.
Bh5+ Kf8 22. gxf6 Bxf6 23. Qxf6+ Rf7 24. Rxd8+ 1-0

[Event "Klubbmesterskap"]
[Site "Ås"]
[Date "1996.01.30"]
[Round "1"]
[White "Brennvall, Jon-Eirik"]
[Black "Lea, Per"]
[Result "0-1"]
[WhiteElo "1551"]
[BlackElo "1651"]
[PlyCount "48"]
[EventDate "1996.??.??"]

1. e4 e5 2. Nf3 Nc6 3. Bc4 Nf6 4. Nc3 Bc5 5. Ng5 O-O 6. d3 h6 7. h4 d6 8. Be3
Bxe3 9. fxe3 hxg5 10. hxg5 Ng4 11. g6 Qg5 12. gxf7+ Rxf7 13. Bxf7+ Kxf7 14. Nd5
Bd7 15. Qf3+ Kg6 16. Kd2 Nd4 17. Qh3 Nf6 18. Qh2 Nxd5 19. exd5 Rf8 20. Qh7+ Kf7
21. Raf1+ Ke7 22. g3 Nf3+ 23. Ke2 Bg4 24. Rf2 Nh2+ 0-1

[Event "Klubbmesterskap"]
[Site "Ås"]
[Date "1996.02.06"]
[Round "2"]
[White "Lea, Per"]
[Black "Ådnøy, Hallvard Voll"]
[Result "1-0"]
[WhiteElo "1651"]
[BlackElo "1785"]
[PlyCount "83"]
[EventDate "1996.??.??"]

1. e4 Nf6 2. e5 Nd5 3. d4 d6 4. c4 Nb6 5. f4 dxe5 6. fxe5 c5 7. d5 e6 8. Nc3
exd5 9. cxd5 c4 10. Bf4 Bb4 11. Bxc4 Nxc4 12. Qa4+ Nc6 13. dxc6 Nxb2 14. c7+
Qd7 15. Qxd7+ Bxd7 16. Bd2 Nd3+ 17. Ke2 Nxe5 18. Rb1 Bd6 19. Nb5 Bxb5+ 20. Rxb5
b6 21. Bf4 f6 22. Nf3 Nxf3 23. Kxf3 Bxf4 24. Kxf4 Rc8 25. Rc1 O-O 26. Rd5 g5+
27. Kf5 Rce8 28. Rc6 Rc8 29. Rd7 Rf7 30. Rd8+ Rf8 31. Rxf8+ Kxf8 32. Kxf6 Ke8
33. Ke6 h5 34. Kd6 g4 35. Rc4 b5 36. Re4+ Kf7 37. Kd7 Rg8 38. c8=Q Rxc8 39.
Kxc8 Kf6 40. Kb7 a5 41. Ka6 Kf5 42. Re8 1-0

[Event "Klubbmesterskap"]
[Site "Ås"]
[Date "1996.02.13"]
[Round "3"]
[White "Øgaard, Henning"]
[Black "Lea, Per"]
[Result "1-0"]
[WhiteElo "1400"]
[BlackElo "1651"]
[PlyCount "72"]
[EventDate "1996.??.??"]

1. d4 d5 2. Nf3 Nf6 3. Bg5 Ne4 4. Bh4 c5 5. e3 Qa5+ 6. c3 cxd4 7. exd4 Nc6 8.
Nbd2 Bf5 9. Be2 e6 10. O-O Bd6 11. Nxe4 Bxe4 12. Bd3 Bg6 13. Bg3 O-O-O 14. a4
Qc7 15. Qc2 e5 16. dxe5 Nxe5 17. Nxe5 Bxe5 18. Qd2 Bxg3 19. fxg3 Bxd3 20. Qxd3
f6 21. Qd4 b6 22. Qg4+ Qd7 23. Qf3 Kb8 24. Rfd1 Qc6 25. Rac1 Rd6 26. Qf4 Rhd8
27. c4 Qc5+ 28. Kh1 d4 29. b4 Qe5 30. Rd3 Kb7 31. Qf3+ Kb8 32. c5 bxc5 33. bxc5
Rd5 34. Qd1 Rxc5 35. Rb1+ Ka8 36. Qf3+ Qd5 1-0

[Event "Klubbmesterskap"]
[Site "Ås"]
[Date "1996.04.23"]
[Round "4"]
[White "Simonsen, Steinar"]
[Black "Lea, Per"]
[Result "0-1"]
[WhiteElo "1589"]
[BlackElo "1651"]
[PlyCount "36"]
[EventDate "1996.??.??"]

1. e4 e5 2. Nf3 Nc6 3. Bb5 a6 4. Ba4 Nf6 5. O-O Be7 6. Re1 b5 7. Bb3 O-O 8. c3
d5 9. exd5 Nxd5 10. Nxe5 Nxe5 11. Rxe5 Nf6 12. d4 Bd6 13. Re1 Ng4 14. h3 Qh4
15. Qf3 Nxf2 16. Qxa8 Nxh3+ 17. gxh3 Qxe1+ 18. Kg2 Qg3+ 0-1